000 00661nam a2200205Ii 4500
003 JO-AjNU
008 230605s9999||||xx |||||||||||||| ||und||
040 _aJO-AjNU
_bara
_erda
_cJO-AjNU
041 _aara
050 1 4 _aB753.I5.M3278 1986
100 3 _aصالح، مدني,
_eauthor
_957167
245 0 0 _aإبن طفيل: قضايا ومواقف
250 _aط2
264 3 1 _aبغداد: دار الشؤون الثقافية العامة، 1986
300 _a195ص
336 _atext
_btxt
_2rdacontent
337 _aunmediated
_bn
_2rdamedia
338 _avolume
_bnc
_2rdacarrier
650 4 _aالفلسفة الاسلامية- الاندلس
_957168
999 _aA25601
_c29169
_d29169